| 000 | 00476nam a2200205Ia 4500 | ||
|---|---|---|---|
| 003 | OSt | ||
| 005 | 20250708131112.0 | ||
| 008 | 210210b1988 xxu||||| |||| 00| 0 eng d | ||
| 040 | _cAL | ||
| 041 | _aeng | ||
| 082 | _a591.824 BERT | ||
| 100 |
_aBerry A K _9211351 |
||
| 245 | _aTextbook of animal histology Ed 2 | ||
| 250 | _a2 | ||
| 260 |
_aDelhi _bEmkay Publications _c1988 |
||
| 300 | _aviii,224p. | ||
| 690 |
_aZoology _9211357 |
||
| 906 | _a041893 | ||
| 942 |
_2ddc _cBK |
||
| 999 |
_c91739 _d91739 |
||